| 000 | 00943nam a2200253 a 4500 | ||
|---|---|---|---|
| 001 | 4917469 | ||
| 003 | ARRUPE | ||
| 005 | 20131127170552.0 | ||
| 008 | 940902s1994 iv 000 1 fre | ||
| 010 | _a 94204632 | ||
| 020 | _a2909238105 | ||
| 040 |
_aDLC _cDLC |
||
| 050 | 0 | 0 |
_aPR9371.9H32 _bC3 1994 |
| 100 | 1 |
_aHazoume, Flore. _94317 |
|
| 245 | 1 | 0 |
_aCauchemars : _bnouvelles / _cFlore Hazoume. |
| 260 |
_aAbidjan, Côte d'Ivoire : _bEdilis, _cc1994. |
||
| 300 |
_a143 p. ; _c19 cm. |
||
| 490 | 1 | _aCollection Découvertes | |
| 505 | 0 | _aObsession -- A malin, maligne et demie! -- Un pacte est un pacte -- Ménopause -- Nuit d'ailleurs -- Beauté fatale -- Eternel amour -- Les chats -- L'Eldorado perdu. | |
| 830 | 0 |
_aCollection Découvertes (Abidjan, Côte d'Ivoire) _94318 |
|
| 906 |
_a7 _bcbc _corignew _d4 _encip _f19 _gy-gencatlg |
||
| 942 |
_2lcc _cMONOGRAPH |
||
| 999 |
_c118822 _d118822 |
||